[Event "Mitropa Online Cup Women 2021"]
[Site "Hybrid"]
[Date "2021.05.04"]
[Round "2.16"]
[White "Rozman, Monika"]
[Black "Richterova, Natasa"]
[Result "1/2-1/2"]
[WhiteElo "2175"]
[BlackElo "2188"]
[Annotator "RC"]
[PlyCount "165"]
[EventDate "2021.05.04"]
[EventType "team-tourn"]
[EventCountry "NET"]
[SourceTitle "playchess.com"]
[Source "ChessBase"]
[SourceQuality "1"]
[WhiteTeam "Slovenia"]
[BlackTeam "Czech Republic"]
[WhiteTeamCountry "SLO"]
[BlackTeamCountry "CZE"]
[TimeControl "40/5400+30:1800+30"]

1. e4 {[%emt 0:00:00]} e5 {[%emt 0:00:31]} 2. Nf3 {[%emt 0:00:10]} Nf6 {[%emt 0:00:10]} 3. Nxe5 {[%emt 0:02:41]} d6 {[%emt 0:00:27]} 4. Nf3 {[%emt 0:00:16]} Nxe4 {[%emt 0:00:09]} 5. Nc3 {[%emt 0:02:07]} Nf6 {[%emt 0:00:34]} 6. d4 {[%emt 0:01:41]} Be7 {[%emt 0:01:05]} 7. h3 {[%emt 0:08:17]} O-O {[%emt 0:02:45]} 8. Bd3 {[%emt 0:01:16]} Nc6 {[%emt 0:00:42]} 9. a3 {[%emt 0:02:56]} Re8 {[%emt 0:00:39]} 10. O-O {[%emt 0:00:16]} h6 {[%emt 0:00:52]} 11. Bf4 {[%emt 0:01:37]} Be6 {[%emt 0:08:59]} 12. Qd2 {[%emt 0:06:49]} Bf8 {[%emt 0:01:47]} 13. Rfe1 {[%emt 0:05:21]} Qd7 {[%emt 0:02:28]} 14. Rad1 {[%emt 0:09:33]} Ne7 {[%emt 0:03:02]} 15. Ne4 {[%emt 0:03:51]} Nxe4 {[%emt 0:16:46]} 16. Bxe4 {[%emt 0:00:13]} c6 {[%emt 0:00:36]} 17. Bh2 {[%emt 0:02:36]} Bf5 {[%emt 0:05:45]} 18. Bxf5 {[%emt 0:06:19]} Nxf5 {[%emt 0:02:16]} 19. c4 {[%emt 0:02:18]} h5 {[%emt 0:14:37]} 20. b4 {[%emt 0:03:58]} b5 {[%emt 0:15:00]} 21. c5 {[%emt 0:06:31]} Rxe1+ {[%emt 0:03:37]} 22. Qxe1 {[%emt 0:03:22]} Re8 {[%emt 0:00:46]} 23. Qf1 {[%emt 0:00:11]} a5 {[%emt 0:05:12]} 24. Qd3 {[%emt 0:03:14]} axb4 {[%emt 0:04:43]} 25. axb4 {[%emt 0:01:01]} g6 {[%emt 0:01:51]} 26. Qb3 {[%emt 0:03:22]} d5 {[%emt 0:05:07]} 27. Ne5 {[%emt 0:03:51]} Qe6 {[%emt 0:00:04]} 28. g4 {[%emt 0:01:24]} hxg4 {[%emt 0:00:22]} 29. hxg4 {[%emt 0:00:26]} Nh6 {[%emt 0:01:36]} 30. Qf3 {[%emt 0:04:13]} Bg7 {[%emt 0:00:52]} 31. Bf4 {[%emt 0:04:22]} Bxe5 {[%emt 0:00:16]} 32. Bxh6 {[%emt 0:00:12]} Bg7 {[%emt 0:00:51]} 33. Bxg7 {[%emt 0:07:21]} Kxg7 {[%emt 0:00:04]} 34. Kg2 {[%emt 0:00:04]} Qe2 {[%emt 0:01:40]} 35. Ra1 {[%emt 0:01:36]} Re4 {[%emt 0:00:36]} 36. Qxe2 {[%emt 0:01:32]} Rxe2 {[%emt 0:00:03]} 37. Ra6 {[%emt 0:00:05]} Re4 {[%emt 0:00:04]} 38. Rxc6 {[%emt 0:02:35]} Rxd4 {[%emt 0:00:46]} 39. Rd6 {[%emt 0:00:43]} Rxg4+ {[%emt 0:00:11]} 40. Kf3 {[%emt 0:00:00]} Rxb4 {[%emt 0:00:00]} 41. Rxd5 {[%emt 0:01:02]} Rc4 {[%emt 0:00:52]} 42. c6 {[%emt 0:00:13]} Rxc6 {[%emt 0:00:27]} 43. Rxb5 {[%emt 0:00:04]} Rc3+ {[%emt 0:00:54]} 44. Kg2 {[%emt 0:02:59]} Kh6 {[%emt 0:06:35]} 45. Ra5 {[%emt 0:00:54]} Rc4 {[%emt 0:05:02]} 46. Rb5 {[%emt 0:03:28]} f5 {[%emt 0:00:14]} 47. Ra5 {[%emt 0:00:31]} Kh5 {[%emt 0:01:38]} 48. Ra3 {[%emt 0:02:43]} Rg4+ {[%emt 0:00:48]} 49. Kh2 {[%emt 0:01:34]} Kh4 {[%emt 0:04:39]} 50. Rb3 {[%emt 0:01:50]} Kg5 {[%emt 0:02:46]} 51. Ra3 {[%emt 0:00:15]} Kf4 {[%emt 0:00:21]} 52. Rb3 {[%emt 0:00:26]} Rg5 {[%emt 0:01:07]} 53. Ra3 {[%emt 0:00:35]} Ke4 {[%emt 0:00:04]} 54. Re3+ {[%emt 0:05:12]} Kd4 {[%emt 0:00:15]} 55. Rf3 {[%emt 0:01:25]} Ke4 {[%emt 0:00:23]} 56. Re3+ {[%emt 0:00:04]} Kd4 {[%emt 0:00:02]} 57. Rf3 {[%emt 0:00:02]} Rg4 {[%emt 0:00:03]} 58. Kh3 {[%emt 0:00:18]} Rg1 {[%emt 0:02:25]} 59. Kh2 {[%emt 0:00:13]} Rg4 {[%emt 0:00:47]} 60. Kh3 {[%emt 0:00:04]} Ke5 {[%emt 0:00:02]} 61. Ra3 {[%emt 0:00:53]} Rg5 {[%emt 0:02:32]} 62. Re3+ {[%emt 0:02:06]} Kf6 {[%emt 0:01:10]} 63. Rf3 {[%emt 0:00:32]} Ke6 {[%emt 0:01:51]} 64. Re3+ {[%emt 0:00:15]} Kd5 {[%emt 0:00:05]} 65. Rd3+ {[%emt 0:00:12]} Kc4 {[%emt 0:00:03]} 66. Ra3 {[%emt 0:00:20]} Kd4 {[%emt 0:00:58]} 67. Rf3 {[%emt 0:00:14]} Rg1 {[%emt 0:00:03]} 68. Kh2 {[%emt 0:00:06]} Rc1 {[%emt 0:00:25]} 69. Ra3 {[%emt 0:06:27]} g5 {[%emt 0:00:34]} 70. Kg2 {[%emt 0:00:34]} Rc4 {[%emt 0:00:39]} 71. Re3 {[%emt 0:02:28]} Kd5 {[%emt 0:00:31]} 72. Re8 {[%emt 0:01:16]} Kd4 {[%emt 0:00:46]} 73. Re7 {[%emt 0:01:59]} g4 {[%emt 0:02:13]} 74. Re8 {[%emt 0:00:19]} f4 {[%emt 0:01:08]} 75. Rg8 {[%emt 0:00:49]} Kd3 {[%emt 0:00:37]} 76. Rxg4 {[%emt 0:05:06]} Ke2 {[%emt 0:00:12]} 77. Rg8 {[%emt 0:00:25]} f3+ {[%emt 0:04:42]} 78. Kg3 {[%emt 0:00:06]} Rc7 {[%emt 0:01:30]} 79. Re8+ {[%emt 0:00:49]} Kf1 {[%emt 0:00:04]} 80. Rf8 {[%emt 0:00:44]} Ke2 {[%emt 0:00:40]} 81. Re8+ {[%emt 0:00:26]} Kf1 {[%emt 0:00:04]} 82. Rf8 {[%emt 0:00:28]} Ke2 {[%emt 0:00:03]} 83. Re8+ {[%emt 0:00:03]} 1/2-1/2

[Event "Mitropa Online Cup Women 2021"]
[Site "Hybrid"]
[Date "2021.05.04"]
[Round "2.17"]
[White "Hakimifard, Ghazal"]
[Black "Cvitan, Ena"]
[Result "0-1"]
[WhiteElo "2265"]
[BlackElo "2263"]
[Annotator "NA"]
[PlyCount "98"]
[EventDate "2021.05.04"]
[EventType "team-tourn"]
[EventCountry "NET"]
[SourceTitle "playchess.com"]
[Source "ChessBase"]
[SourceQuality "1"]
[WhiteTeam "Switzerland"]
[BlackTeam "Croatia"]
[WhiteTeamCountry "SUI"]
[BlackTeamCountry "CRO"]
[TimeControl "40/5400+30:1800+30"]

1. e4 {[%emt 0:00:00]} c6 {[%emt 0:00:17]} 2. d4 {[%emt 0:00:08]} d5 {[%emt 0:00:04]} 3. Nd2 {[%emt 0:00:06]} dxe4 {[%emt 0:00:14]} 4. Nxe4 {[%emt 0:00:04]} Nd7 {[%emt 0:00:41]} 5. Bc4 {[%emt 0:00:25]} Ngf6 {[%emt 0:15:00]} 6. Ng5 {[%emt 0:00:14]} e6 {[%emt 0:00:28]} 7. Qe2 {[%emt 0:00:17]} Nb6 {[%emt 0:07:20]} 8. Bd3 {[%emt 0:00:09]} h6 {[%emt 0:02:30]} 9. N5f3 {[%emt 0:00:04]} Nbd7 {[%emt 0:08:46]} 10. Ne5 {[%emt 0:03:48]} Nxe5 {[%emt 0:02:48]} 11. dxe5 {[%emt 0:01:57]} Nd7 {[%emt 0:00:07]} 12. Bf4 {[%emt 0:17:36]} Nc5 {[%emt 0:05:54]} 13. O-O-O {[%emt 0:03:24]} Bd7 {[%emt 0:03:17]} 14. Nf3 {[%emt 0:07:48]} Qc7 {[%emt 0:03:07]} 15. Nd2 {[%emt 0:03:38]} Nxd3+ {[%emt 0:02:55]} 16. Qxd3 {[%emt 0:00:06]} O-O-O {[%emt 0:02:07]} 17. Nc4 {[%emt 0:03:48]} Kb8 {[%emt 0:08:51]} 18. h4 {[%emt 0:02:33]} Be7 {[%emt 0:06:54]} 19. Qc3 {[%emt 0:06:10]} Rhg8 {[%emt 0:07:36]} 20. h5 {[%emt 0:02:14]} f5 {[%emt 0:02:14]} 21. Rh3 {[%emt 0:08:35]} c5 {[%emt 0:01:15]} 22. Nd6 {[%emt 0:10:56]} Bc6 {[%emt 0:00:56]} 23. Qxc5 {[%emt 0:04:04]} Bxg2 {[%emt 0:00:51]} 24. Qxc7+ {[%emt 0:00:06]} Kxc7 {[%emt 0:00:03]} 25. Rg3 {[%emt 0:00:16]} Bc6 {[%emt 0:00:20]} 26. Rdg1 {[%emt 0:00:18]} g5 {[%emt 0:06:04]} 27. hxg6 {[%emt 0:00:19]} Bh4 {[%emt 0:00:49]} 28. Rh3 {[%emt 0:04:29]} Bxf2 {[%emt 0:00:31]} 29. Rf1 {[%emt 0:00:05]} Bc5 {[%emt 0:01:33]} 30. Rxh6 {[%emt 0:00:13]} Rg7 {[%emt 0:01:43]} 31. c3 {[%emt 0:08:17]} a5 {[%emt 0:01:37]} 32. Nf7 {[%emt 0:05:33]} Rdg8 {[%emt 0:00:50]} 33. Bg5 {[%emt 0:00:21]} Rxg6 {[%emt 0:02:09]} 34. Rxg6 {[%emt 0:00:02]} Rxg6 {[%emt 0:00:04]} 35. Bd8+ {[%emt 0:00:02]} Kd7 {[%emt 0:01:26]} 36. Bxa5 {[%emt 0:00:09]} Rg1 {[%emt 0:02:43]} 37. Rd1+ {[%emt 0:06:36]} Rxd1+ {[%emt 0:00:51]} 38. Kxd1 {[%emt 0:00:01]} f4 {[%emt 0:00:01]} 39. b4 {[%emt 0:00:35]} Be3 {[%emt 0:02:13]} 40. Ke2 {[%emt 0:00:00]} b6 {[%emt 0:00:00]} 41. Bxb6 {[%emt 0:03:26]} Bxb6 {[%emt 0:03:31]} 42. Ng5 {[%emt 0:00:43]} Bc7 {[%emt 0:02:25]} 43. c4 {[%emt 0:00:27]} Bxe5 {[%emt 0:03:23]} 44. b5 {[%emt 0:00:05]} Bg2 {[%emt 0:04:49]} 45. a4 {[%emt 0:02:53]} Bd4 {[%emt 0:04:04]} 46. a5 {[%emt 0:03:15]} Bc3 {[%emt 0:03:28]} 47. Kf2 {[%emt 0:01:35]} Bh1 {[%emt 0:00:51]} 48. a6 {[%emt 0:01:17]} Bd4+ {[%emt 0:00:35]} 49. Ke2 {[%emt 0:00:02]} Bg2 {[%emt 0:00:44]} 0-1

[Event "Mitropa Online Cup Women 2021"]
[Site "Hybrid"]
[Date "2021.05.04"]
[Round "2.18"]
[White "Medic, Mirjana"]
[Black "Mueller-Seps, Monika"]
[Result "1/2-1/2"]
[WhiteElo "2147"]
[BlackElo "2243"]
[Annotator "NA"]
[PlyCount "69"]
[EventDate "2021.05.04"]
[EventType "team-tourn"]
[EventCountry "NET"]
[SourceTitle "playchess.com"]
[Source "ChessBase"]
[SourceQuality "1"]
[WhiteTeam "Croatia"]
[BlackTeam "Switzerland"]
[WhiteTeamCountry "CRO"]
[BlackTeamCountry "SUI"]
[TimeControl "40/5400+30:1800+30"]

1. d4 {[%emt 0:00:00]} Nf6 {[%emt 0:00:10]} 2. Nf3 {[%emt 0:00:13]} g6 {[%emt 0:00:11]} 3. c4 {[%emt 0:00:08]} Bg7 {[%emt 0:00:09]} 4. g3 {[%emt 0:00:04]} O-O {[%emt 0:00:10]} 5. Bg2 {[%emt 0:00:04]} d6 {[%emt 0:00:07]} 6. O-O {[%emt 0:00:07]} c6 {[%emt 0:00:09]} 7. Nc3 {[%emt 0:00:20]} Qb6 {[%emt 0:00:11]} 8. b3 {[%emt 0:03:32]} e5 {[%emt 0:01:04]} 9. dxe5 {[%emt 0:14:41]} dxe5 {[%emt 0:00:13]} 10. e4 {[%emt 0:02:59]} Bg4 {[%emt 0:00:47]} 11. Be3 {[%emt 0:03:45]} Qc7 {[%emt 0:01:17]} 12. Qc2 {[%emt 0:07:36]} Bxf3 {[%emt 0:01:30]} 13. Bxf3 {[%emt 0:03:26]} Nbd7 {[%emt 0:00:17]} 14. Rad1 {[%emt 0:07:56]} Rfd8 {[%emt 0:01:24]} 15. Bg2 {[%emt 0:02:21]} h5 {[%emt 0:10:10]} 16. Bh3 {[%emt 0:11:27]} Nf8 {[%emt 0:05:00]} 17. Rxd8 {[%emt 0:11:59]} Rxd8 {[%emt 0:17:35]} 18. Rd1 {[%emt 0:00:52]} Ng4 {[%emt 0:16:40]} 19. Rxd8 {[%emt 0:08:36]} Qxd8 {[%emt 0:00:22]} 20. Bxa7 {[%emt 0:04:25]} Ne6 {[%emt 0:03:26]} 21. Bxg4 {[%emt 0:01:52]} hxg4 {[%emt 0:01:50]} 22. Be3 {[%emt 0:00:10]} Nd4 {[%emt 0:02:41]} 23. Qc1 {[%emt 0:05:21]} Kh7 {[%emt 0:14:27]} 24. Kg2 {[%emt 0:00:26]} Qd7 {[%emt 0:00:41]} 25. Qd2 {[%emt 0:02:24]} Qe6 {[%emt 0:04:42]} 26. Na4 {[%emt 0:03:51]} Qf6 {[%emt 0:03:27]} 27. Qd1 {[%emt 0:00:07]} Nf3 {[%emt 0:03:56]} 28. Nc5 {[%emt 0:01:00]} g5 {[%emt 0:08:21]} 29. Qd7 {[%emt 0:01:46]} Qh6 {[%emt 0:00:57]} 30. h4 {[%emt 0:02:15]} gxh3+ {[%emt 0:00:42]} 31. Qxh3 {[%emt 0:01:02]} Ne1+ {[%emt 0:00:04]} 32. Kh2 {[%emt 0:00:03]} Nf3+ {[%emt 0:00:03]} 33. Kg2 {[%emt 0:00:03]} Ne1+ {[%emt 0:00:10]} 34. Kh2 {[%emt 0:00:03]} Nf3+ {[%emt 0:00:04]} 35. Kg2 {[%emt 0:00:04]} 1/2-1/2

[Event "Mitropa Online Cup Women 2021"]
[Site "Hybrid"]
[Date "2021.05.04"]
[Round "2.19"]
[White "Heinatz, Gundula"]
[Black "Vujnovic, Patricija"]
[Result "0-1"]
[WhiteElo "2131"]
[BlackElo "2129"]
[Annotator "NA"]
[PlyCount "103"]
[EventDate "2021.05.04"]
[EventType "team-tourn"]
[EventCountry "NET"]
[SourceTitle "playchess.com"]
[Source "ChessBase"]
[SourceQuality "1"]
[WhiteTeam "Switzerland"]
[BlackTeam "Croatia"]
[WhiteTeamCountry "SUI"]
[BlackTeamCountry "CRO"]
[TimeControl "40/5400+30:1800+30"]

1. d4 {[%emt 0:00:00]} d5 {[%emt 0:00:10]} 2. Bf4 {[%emt 0:00:20]} e6 {[%emt 0:00:15]} 3. e3 {[%emt 0:00:51]} Bd6 {[%emt 0:00:15]} 4. Bxd6 {[%emt 0:02:10]} Qxd6 {[%emt 0:00:16]} 5. Qg4 {[%emt 0:00:13]} Kf8 {[%emt 0:10:34]} 6. Nd2 {[%emt 0:03:26]} Nf6 {[%emt 0:00:14]} 7. Qh4 {[%emt 0:03:10]} Nc6 {[%emt 0:02:36]} 8. Ngf3 {[%emt 0:06:17]} e5 {[%emt 0:05:46]} 9. dxe5 {[%emt 0:02:38]} Nxe5 {[%emt 0:00:07]} 10. Nxe5 {[%emt 0:02:23]} Qxe5 {[%emt 0:00:08]} 11. O-O-O {[%emt 0:06:56]} c6 {[%emt 0:00:47]} 12. Bd3 {[%emt 0:05:50]} a5 {[%emt 0:07:37]} 13. e4 {[%emt 0:06:03]} Be6 {[%emt 0:20:32]} 14. Rhe1 {[%emt 0:08:05]} d4 {[%emt 0:06:02]} 15. Nf3 {[%emt 0:11:31]} Qc5 {[%emt 0:03:10]} 16. e5 {[%emt 0:01:00]} Nd5 {[%emt 0:04:30]} 17. Nxd4 {[%emt 0:03:36]} a4 {[%emt 0:02:47]} 18. Nxe6+ {[%emt 0:10:28]} fxe6 {[%emt 0:00:08]} 19. a3 {[%emt 0:04:47]} b5 {[%emt 0:03:33]} 20. Be4 {[%emt 0:02:46]} Ke8 {[%emt 0:03:55]} 21. Bxd5 {[%emt 0:04:30]} cxd5 {[%emt 0:00:17]} 22. Re3 {[%emt 0:00:24]} Qe7 {[%emt 0:01:16]} 23. Qg4 {[%emt 0:01:15]} Rf8 {[%emt 0:02:37]} 24. f3 {[%emt 0:00:29]} Kf7 {[%emt 0:02:16]} 25. Qb4 {[%emt 0:00:36]} Qxb4 {[%emt 0:03:44]} 26. axb4 {[%emt 0:00:09]} Rfc8 {[%emt 0:00:19]} 27. Rd4 {[%emt 0:00:28]} Ra7 {[%emt 0:01:30]} 28. Kd2 {[%emt 0:00:20]} Rac7 {[%emt 0:00:18]} 29. c3 {[%emt 0:00:07]} Ra8 {[%emt 0:01:51]} 30. Rdd3 {[%emt 0:02:41]} a3 {[%emt 0:01:22]} 31. bxa3 {[%emt 0:00:29]} Rxa3 {[%emt 0:00:06]} 32. Re2 {[%emt 0:00:19]} Rb3 {[%emt 0:03:43]} 33. h4 {[%emt 0:00:40]} h5 {[%emt 0:01:19]} 34. g3 {[%emt 0:00:39]} Rc6 {[%emt 0:01:57]} 35. Rf2 {[%emt 0:01:54]} Kg6 {[%emt 0:03:15]} 36. g4 {[%emt 0:02:06]} Rc4 {[%emt 0:05:58]} 37. gxh5+ {[%emt 0:02:16]} Kxh5 {[%emt 0:00:16]} 38. f4 {[%emt 0:01:57]} Rb2+ {[%emt 0:00:20]} 39. Ke1 {[%emt 0:00:13]} Rxf2 {[%emt 0:00:25]} 40. Kxf2 {[%emt 0:00:00]} Rxf4+ {[%emt 0:00:00]} 41. Kg2 {[%emt 0:04:49]} Kxh4 {[%emt 0:04:06]} 42. Rh3+ {[%emt 0:00:47]} Kg5 {[%emt 0:00:35]} 43. Rh8 {[%emt 0:00:28]} Kf5 {[%emt 0:04:08]} 44. Rb8 {[%emt 0:00:09]} Rc4 {[%emt 0:00:24]} 45. Rxb5 {[%emt 0:00:07]} Rxc3 {[%emt 0:00:06]} 46. Rb7 {[%emt 0:00:09]} g5 {[%emt 0:00:06]} 47. b5 {[%emt 0:00:53]} Rb3 {[%emt 0:00:12]} 48. b6 {[%emt 0:00:26]} Kxe5 {[%emt 0:00:11]} 49. Kf2 {[%emt 0:00:05]} Ke4 {[%emt 0:02:16]} 50. Rg7 {[%emt 0:01:10]} Rb2+ {[%emt 0:00:52]} 51. Ke1 {[%emt 0:01:18]} Rxb6 {[%emt 0:00:18]} 52. Rg6 {[%emt 0:00:06]} 0-1

[Event "Mitropa Online Cup Women 2021"]
[Site "Hybrid"]
[Date "2021.05.04"]
[Round "2.20"]
[White "Spiranec, Noemi"]
[Black "Hund, Sarah"]
[Result "1/2-1/2"]
[WhiteElo "2098"]
[BlackElo "2049"]
[Annotator "NA"]
[PlyCount "77"]
[EventDate "2021.05.04"]
[EventType "team-tourn"]
[EventCountry "NET"]
[SourceTitle "playchess.com"]
[Source "ChessBase"]
[SourceQuality "1"]
[WhiteTeam "Croatia"]
[BlackTeam "Switzerland"]
[WhiteTeamCountry "CRO"]
[BlackTeamCountry "SUI"]
[TimeControl "40/5400+30:1800+30"]

1. d4 {[%emt 0:00:00]} d5 {[%emt 0:00:14]} 2. c4 {[%emt 0:00:10]} e6 {[%emt 0:00:18]} 3. Nc3 {[%emt 0:01:42]} c5 {[%emt 0:00:41]} 4. Nf3 {[%emt 0:01:01]} Nc6 {[%emt 0:01:07]} 5. cxd5 {[%emt 0:01:21]} exd5 {[%emt 0:00:28]} 6. g3 {[%emt 0:03:27]} Nf6 {[%emt 0:01:54]} 7. Bg2 {[%emt 0:00:31]} Be7 {[%emt 0:00:26]} 8. O-O {[%emt 0:00:48]} O-O {[%emt 0:00:34]} 9. dxc5 {[%emt 0:04:42]} Bxc5 {[%emt 0:00:52]} 10. Bg5 {[%emt 0:00:28]} d4 {[%emt 0:01:05]} 11. Bxf6 {[%emt 0:02:21]} Qxf6 {[%emt 0:01:03]} 12. Ne4 {[%emt 0:01:12]} Qe7 {[%emt 0:00:58]} 13. Nxc5 {[%emt 0:00:07]} Qxc5 {[%emt 0:00:13]} 14. Rc1 {[%emt 0:00:12]} Qb6 {[%emt 0:01:25]} 15. Qd2 {[%emt 0:04:50]} Be6 {[%emt 0:03:05]} 16. b3 {[%emt 0:08:46]} Rfd8 {[%emt 0:07:05]} 17. Rfd1 {[%emt 0:03:56]} a5 {[%emt 0:08:48]} 18. Ng5 {[%emt 0:07:51]} Bf5 {[%emt 0:09:35]} 19. Qf4 {[%emt 0:02:47]} Bg6 {[%emt 0:02:11]} 20. Be4 {[%emt 0:02:24]} f6 {[%emt 0:06:54]} 21. Ne6 {[%emt 0:07:59]} Rd7 {[%emt 0:02:51]} 22. Bxc6 {[%emt 0:05:15]} bxc6 {[%emt 0:00:53]} 23. Rxd4 {[%emt 0:00:10]} Re7 {[%emt 0:10:33]} 24. Rd6 {[%emt 0:01:40]} Rae8 {[%emt 0:07:45]} 25. Rcxc6 {[%emt 0:03:21]} Qb5 {[%emt 0:01:34]} 26. Nd4 {[%emt 0:02:59]} Qh5 {[%emt 0:02:13]} 27. Re6 {[%emt 0:01:10]} Rxe6 {[%emt 0:03:53]} 28. Rxe6 {[%emt 0:00:09]} Rxe6 {[%emt 0:00:49]} 29. Nxe6 {[%emt 0:00:45]} Qxe2 {[%emt 0:01:02]} 30. Qe3 {[%emt 0:03:02]} Qxa2 {[%emt 0:04:37]} 31. Nc5 {[%emt 0:04:32]} Qb1+ {[%emt 0:05:35]} 32. Kg2 {[%emt 0:00:18]} Qf5 {[%emt 0:00:53]} 33. Qe6+ {[%emt 0:00:42]} Qxe6 {[%emt 0:01:59]} 34. Nxe6 {[%emt 0:00:07]} Kf7 {[%emt 0:01:20]} 35. Nd4 {[%emt 0:01:24]} Be4+ {[%emt 0:03:12]} 36. Kf1 {[%emt 0:02:08]} Ke7 {[%emt 0:01:11]} 37. Ke2 {[%emt 0:00:32]} Kd6 {[%emt 0:00:48]} 38. Kd2 {[%emt 0:01:40]} Bd5 {[%emt 0:02:03]} 39. Kd3 {[%emt 0:01:31]} 1/2-1/2

[Event "Mitropa Online Cup Women 2021"]
[Site "Hybrid"]
[Date "2021.05.04"]
[Round "3.1"]
[White "Sieber, Fiona"]
[Black "Radikovic, Anamarija"]
[Result "1-0"]
[WhiteElo "2275"]
[BlackElo "2006"]
[Annotator "TA"]
[PlyCount "77"]
[EventDate "2021.05.04"]
[EventType "team-tourn"]
[EventCountry "NET"]
[SourceTitle "playchess.com"]
[Source "ChessBase"]
[SourceQuality "1"]
[WhiteTeam "Germany"]
[BlackTeam "Croatia"]
[WhiteTeamCountry "GER"]
[BlackTeamCountry "CRO"]

{[%evp 19,77,17,2,0,13,0,0,0,0,0,0,0,0,-10,43,0,0,0,0,0,0,0,0,0,39,52,132,110,153,60,146,145,143,137,144,115,291,298,290,147,147,109,156,141,157,131,122,120,331,310,424,434,430,434,674,672,29991,29992,29995,29996]} 1. e4 c5 2. Nf3 d6 3. d4 cxd4 4. Nxd4 Nf6 5. Nc3 a6 6. Be3 e5 7. Nb3 Be6 8. f3 Nbd7 9. Qd2 h5 10. O-O-O Be7 11. g3 {B90: Sicilian Najdorf: Unusual White 6th moves, 6 Be3 Ng4 and 6 Be3 e5.} b5 12. Nd5 Bxd5 13. exd5 {The position is equal.} Nb6 14. f4 {[#]} Nfxd5 $146 ({Predecessor:} 14... e4 15. Bxb6 Qxb6 16. Bg2 Ng4 17. Bxe4 Nf2 18. Rde1 Nxh1 19. Bxh1 Kf8 20. Nd4 Bf6 {0-1 (33) Gulbas,C (2377)-Van der Stricht,G (2371) Belgium 2013}) 15. Bg2 Nxe3 16. Qxe3 exf4 (16... Nc4 $11 17. Qd3 Rc8) 17. Qc3 ({But not} 17. Qxf4 $2 Bg5 $19) (17. gxf4 {seems wilder.} Rc8 18. Bb7 Rb8 19. Bxa6 Nc4 20. Qe2) 17... O-O {Strongly threatening ...Bf6.} 18. Bxa8 Qxa8 19. Nd4 Bf6 20. gxf4 Rc8 21. Qd3 Na4 {And now ...Rc4 would win.} 22. Rhe1 Qd5 (22... Rc4 $14 23. Qe4 Qxe4 24. Rxe4 Rb4) 23. Kb1 $16 Qc5 {White should prevent ...Bxd4.} 24. Re2 (24. c3 $16) 24... Qb4 {[#]} ({Black should play} 24... b4 $1 $14) 25. Qb3 $1 Qc5 26. c3 Nb6 27. Qc2 Nd5 $2 (27... b4 $16 {was called for.}) 28. Nb3 $18 Qc4 29. Re4 ({White has to play} 29. Na5 $18 Qc5 30. Qe4) 29... Qc6 $16 30. Qd3 Nb6 31. Nd4 $36 {[%mdl 2048] Black is under strong pressure.} Qd7 32. Nf5 d5 ({Don't blunder} 32... Qxf5 $2 {[#]} 33. Re8+ $3 {[%mdl 512]} Rxe8 34. Qxf5 $18) 33. Re2 Qc7 $2 (33... g6 $16) 34. Rde1 g6 35. Ne7+ Bxe7 36. Rxe7 Qc5 (36... Qxf4 $142 37. Rf1 Qc4) 37. f5 $18 g5 38. f6 Qc6 39. Qf5 {Weighted Error Value: White=0.16/Black=0.70} 1-0

[Event "Mitropa Online Cup Women 2021"]
[Site "Hybrid"]
[Date "2021.05.04"]
[Round "3.1"]
[White "Muetsch, Annmarie"]
[Black "Vujnovic, Patricija"]
[Result "1-0"]
[WhiteElo "2266"]
[BlackElo "2129"]
[Annotator "TA"]
[PlyCount "57"]
[EventDate "2021.05.04"]
[EventType "team-tourn"]
[EventCountry "NET"]
[SourceTitle "playchess.com"]
[Source "ChessBase"]
[SourceQuality "1"]
[WhiteTeam "Germany"]
[BlackTeam "Croatia"]
[WhiteTeamCountry "GER"]
[BlackTeamCountry "CRO"]

{[%evp 9,57,7,1,10,47,40,56,44,170,148,193,200,261,134,587,583,560,483,567,444,691,692,729,728,715,705,1003,754,767,765,1508,1506,1476,1418,1223,1382,1372,1322,1186,1189,1466,1357,2285,2250,29973,29975,29961,6543,5447,5443]} 1. e4 c6 2. Ne2 d5 3. e5 c5 4. d4 Nc6 5. c3 Bf5 6. dxc5 {B12: Caro-Kann: Advance Variation.} e6 7. b4 Nge7 8. Nd4 {[#] White is slightly better.} Bxb1 $146 (8... a6 $1 $14) ({Predecessor:} 8... Qb8 9. f4 g5 10. Bb5 gxf4 11. O-O Bg7 12. Bxf4 Bxe5 13. Bxe5 Qxe5 14. Nxf5 Nxf5 {½-½ (35) Can,E (2477)-Soors,S (2259) Chotowa 2010}) 9. Rxb1 $18 Nxe5 10. Bf4 N7g6 11. Bb5+ (11. Bxe5 $18 {aiming for Bb5+.} Nxe5 12. Bb5+ Nd7 13. Qg4) 11... Ke7 $2 {[%mdl 8192] [#]} (11... Nd7 $16 {is more resistant.}) 12. Bg3 a6 13. Ba4 h5 14. h4 Qc7 (14... f5 $142 15. Bxe5 Nxe5) 15. O-O Kd8 16. c4 Be7 17. cxd5 Bxh4 18. Bh2 exd5 19. Nf5 Bf6 20. Qxd5+ Kc8 21. b5 axb5 22. Nd6+ Kd8 23. Bxb5 Ke7 24. Bc4 Rhb8 25. f4 Qc6 26. fxe5 {[#] White wants to mate with Nf5+.} Nxe5 27. Bxe5 Qxd5 28. Bxf6+ (28. Bxd5 $142 b6 29. Bxf6+ gxf6 30. Nf5+ Kf8 31. Bxa8 b5 32. Bd5 h4 33. Nd6) 28... gxf6 29. Bxd5 {Black did not feel at home in the position after the opening.  Weighted Error Value: White=0.25/Black=1.39} 1-0